Tục ngữ ca dao Hưng Yên

Saved in:
Bibliographic Details
Main Author: Vũ, Tiến Kỳ
Format: Book
Language:Undetermined
Published: Hà Nội Dân trí 2010
Subjects:
Tags: Add Tag
No Tags, Be the first to tag this record!
Institutions: Trung tâm Học liệu Trường Đại học Cần Thơ
LEADER 00552nam a2200181Ia 4500
001 CTU_164022
008 210402s9999 xx 000 0 und d
082 |a 398.8597 
082 |b K600 
100 |a Vũ, Tiến Kỳ 
245 0 |a Tục ngữ ca dao Hưng Yên 
245 0 |c Vũ Tiến Kỳ ( chủ biên ), Nguyễn Đức Can 
260 |a Hà Nội 
260 |b Dân trí 
260 |c 2010 
650 |a Folk-song, Vietnamese,Ca dao Việt Nam 
904 |i Qhieu 
980 |a Trung tâm Học liệu Trường Đại học Cần Thơ